[Event "EU-ch Online U16 Girls"]
[Site "Tornelo INT"]
[Date "2020.09.18"]
[Round "1"]
[White "Truskavetska, Solomia"]
[Black "Kuhar, Larisa"]
[Result "0-1"]
[WhiteElo "1290"]
[BlackElo "1746"]
[PlyCount "128"]
[EventDate "2020.09.18"]
[EventType "swiss (rapid)"]
[EventRounds "9"]
[EventCountry "NET"]
[SourceTitle "EXT 2023"]
[Source "ChessBase"]
[SourceDate "2022.10.05"]
[SourceVersion "1"]
[SourceVersionDate "2022.10.05"]
[SourceQuality "1"]
[WhiteTeam "Sweden"]
[BlackTeam "Slovenia"]
[WhiteTeamCountry "SWE"]
[BlackTeamCountry "SLO"]

1. e4 c5 2. Nf3 d6 3. d4 cxd4 4. Nxd4 Nf6 5. Nc3 a6 6. f3 e5 7. Nb3 Be6 8. Be3 Be7 9. Be2 Nbd7 10. Nd2 Rc8 11. Nd5 Bxd5 12. exd5 Nxd5 13. Bf2 Nf4 14. Ne4 d5 15. Ng3 Nxg2+ 16. Kf1 Nf4 17. Nf5 g6 18. Ne3 Nf6 19. c3 Bc5 20. Ng2 Nxg2 21. Bxc5 Rxc5 22. Kxg2 0-0 23. Qg1 Rc8 24. Kf1 Nh5 25. h4 Qf6 26. Ke1 Qf4 27. Qg4 b5 28. Qxf4 Nxf4 29. Bd1 Nd3+ 30. Kd2 Nxb2 31. Bb3 Nc4+ 32. Kc2 Rfd8 33. Bxc4 dxc4 34. Rad1 h5 35. Rhe1 f6 36. a3 Kf7 37. a4 bxa4 38. Ra1 Rd3 39. Rf1 a3 40. Rxa3 Rc6 41. Ra4 Re3 42. Rb4 Re2+ 43. Kd1 Rh2 44. Rb7+ Ke6 45. Rg7 Kf5 46. Rg1 Rb6 47. Kc1 Rb3 48. R7xg6 Rxc3+ 49. Kb1 Rxf3 50. R6g2 Rxg2 51. Rxg2 e4 52. Ra2 e3 53. Ra5+ Kg4 54. Rxa6 e2 55. Re6 Rf1+ 56. Kc2 e1Q 57. Rxe1 Rxe1 58. Kc3 f5 59. Kxc4 f4 60. Kd3 f3 61. Kd2 f2 62. Kc2 f1Q 63. Kb3 Qd3+ 64. Kb4 Rb1+ 0-1

[Event "Portoroz Nat Festival 30th"]
[Site "Portoroz"]
[Date "2020.09.07"]
[Round "7"]
[White "Kuhar, Larisa"]
[Black "Titan, Matej"]
[Result "1/2-1/2"]
[WhiteElo "2054"]
[BlackElo "2261"]
[PlyCount "143"]
[EventDate "2020.09.03"]
[EventType "swiss"]
[EventRounds "9"]
[EventCountry "SLO"]
[SourceTitle "CBM 198 Extra"]
[Source "ChessBase"]
[SourceDate "2020.11.30"]
[SourceVersion "1"]
[SourceVersionDate "2020.11.30"]
[SourceQuality "1"]

1. e4 e5 2. Nf3 Nc6 3. Nc3 Nf6 4. d4 exd4 5. Nxd4 Bb4 6. Nxc6 bxc6 7. Bd3 d6 8. Bg5 h6 9. Bh4 Be6 10. 0-0 g5 11. Bg3 Nd7 12. a3 Bxc3 13. bxc3 h5 14. f3 Qf6 15. Qd2 h4 16. Bf2 Ne5 17. Be3 Rg8 18. Qe2 c5 19. c4 Rb8 20. Kh1 Ng6 21. Rab1 Kd7 22. Rb3 Rb6 23. Qd2 Ne5 24. Qc3 Qg7 25. Be2 Qg6 26. Rd1 Kc8 27. Bxc5 Rxb3 28. cxb3 h3 29. g3 g4 30. Rf1 gxf3 31. Bd1 Qxe4 32. Bf2 f5 33. Qe3 Bd7 34. Re1 Bc6 35. Qd2 Qg4 36. Bc2 f4 37. c5 fxg3 38. hxg3 h2 39. Qf4 Qxf4 40. gxf4 Rg2 41. Bf5+ Kb7 42. Rf1 Nf7 43. Be6 Nh6 44. cxd6 cxd6 45. Bh3 Ng4 46. Bxg4 Rxg4 47. f5 Rf4 48. Re1 Rxf5 49. Re7+ Kc8 50. Rh7 Re5 51. Kxh2 a6 52. Kg3 Rg5+ 53. Kf4 Rg2 54. Rh8+ Kd7 55. Rh7+ Ke8 56. Ke3 Rg4 57. Rh4 Rg5 58. Rh6 Re5+ 59. Kf4 Kd7 60. Rh7+ Re7 61. Rxe7+ Kxe7 62. Ke3 Ke6 63. Bg3 Bb7 64. b4 Bc6 65. Bf4 Be4 66. Bg3 d5 67. Be1 Kd6 68. Bc3 Ke6 69. a4 Bc2 70. Kxf3 Bxa4 71. Ke3 Bb5 72. Kd4 1/2-1/2

[Event "Portoroz Nat Festival 30th"]
[Site "Portoroz"]
[Date "2020.09.06"]
[Round "5"]
[White "Kuhar, Larisa"]
[Black "Grah, Matej"]
[Result "1/2-1/2"]
[WhiteElo "2054"]
[BlackElo "1933"]
[PlyCount "62"]
[EventDate "2020.09.03"]
[EventType "swiss"]
[EventRounds "9"]
[EventCountry "SLO"]
[SourceTitle "CBM 198 Extra"]
[Source "ChessBase"]
[SourceDate "2020.11.30"]
[SourceVersion "1"]
[SourceVersionDate "2020.11.30"]
[SourceQuality "1"]

1. e4 d6 2. d4 Nf6 3. Nc3 g6 4. Nf3 Bg7 5. Be2 c6 6. a4 0-0 7. h3 Nbd7 8. a5 e5 9. dxe5 dxe5 10. Qd6 Re8 11. Bc4 Bf8 12. Qd3 Qe7 13. 0-0 Nc5 14. Qe2 Be6 15. Bg5 Bg7 16. b4 Bxc4 17. Qxc4 Ne6 18. Be3 Nh5 19. Rfd1 Nhf4 20. Rab1 Ng5 21. Nxg5 Qxg5 22. Bxf4 exf4 23. Rd7 Re7 24. Rd3 Bxc3 25. Rxc3 Qe5 26. f3 Rd8 27. Rd3 Red7 28. Rbd1 Rxd3 29. Rxd3 Qa1+ 30. Kf2 Rxd3 31. Qxd3 Qb2 1/2-1/2

[Event "World ol U16"]
[Site "Corum"]
[Date "2019.11.03"]
[Round "6.16"]
[White "Kuhar, Larisa"]
[Black "Ahmed, Jaza Jamal"]
[Result "1-0"]
[WhiteElo "2030"]
[BlackElo "2011"]
[PlyCount "109"]
[EventDate "2019.10.29"]
[EventType "team-swiss"]
[EventRounds "9"]
[EventCountry "TUR"]
[SourceTitle "CBM 192 Extra"]
[Source "Chessbase"]
[SourceDate "2019.11.06"]
[SourceVersion "1"]
[SourceVersionDate "2019.11.06"]
[SourceQuality "1"]
[WhiteTeam "Slovenia"]
[BlackTeam "Iraq"]
[WhiteTeamCountry "SLO"]
[BlackTeamCountry "IRQ"]

1. e4 d6 2. d4 Nf6 3. Nc3 e5 4. dxe5 dxe5 5. Qxd8+ Kxd8 6. Bc4 Ke8 7. Nf3 Bd6 8. 0-0 Be6 9. Bb3 h6 10. Nd2 Nbd7 11. Nc4 Nc5 12. f3 Ke7 13. Be3 a6 14. Rad1 Rhd8 15. Kh1 Nxb3 16. axb3 Bxc4 17. bxc4 c6 18. Bb6 Rdc8 19. c5 Bc7 20. Na4 Nd7 21. Bxc7 Rxc7 22. Rd3 Rd8 23. Rfd1 Rcc8 24. b4 g6 25. Rd6 f6 26. Kg1 Nf8 27. Nb6 Rb8 28. Kf2 Rxd6 29. Rxd6 Rd8 30. Rxd8 Kxd8 31. Nc4 Kd7 32. g3 Ne6 33. c3 h5 34. h4 Nf8 35. f4 Ke6 36. Na5 exf4 37. gxf4 g5 38. fxg5 fxg5 39. hxg5 Ke5 40. Kf3 Ng6 41. Nxb7 Nh4+ 42. Kg3 Ng6 43. Nd8 Kxe4 44. Nxc6 Kf5 45. Na7 Kxg5 46. c6 h4+ 47. Kh2 Kf5 48. c7 Ne7 49. c8Q+ Nxc8 50. Nxc8 Ke5 51. Nb6 Kd6 52. c4 Kc6 53. Nd5 a5 54. bxa5 Kc5 55. Ne3 1-0

[Event "SLO-chT 29th"]
[Site "Slovenia"]
[Date "2019.09.06"]
[Round "1.2"]
[White "Zupancic, Urban"]
[Black "Kuhar, Larisa"]
[Result "1-0"]
[WhiteElo "1993"]
[BlackElo "1998"]
[PlyCount "139"]
[EventDate "2019.09.06"]
[EventType "team-tourn"]
[EventRounds "9"]
[EventCountry "SLO"]
[SourceTitle "CBM 192 Extra"]
[Source "Chessbase"]
[SourceDate "2019.11.06"]
[SourceVersion "1"]
[SourceVersionDate "2019.11.06"]
[SourceQuality "1"]
[WhiteTeam "Novo Mesto Krka"]
[BlackTeam "Krsko Triglav"]
[WhiteTeamCountry "SLO"]
[BlackTeamCountry "SLO"]

1. e4 c5 2. Nf3 d6 3. d4 cxd4 4. Nxd4 Nf6 5. Nc3 a6 6. f3 e5 7. Nb3 Be6 8. Be3 h5 9. Qd2 Be7 10. 0-0-0 Nbd7 11. Kb1 Rc8 12. Bd3 b5 13. Rhe1 Nb6 14. Qf2 Nfd7 15. Ne2 Bc4 16. f4 Qc7 17. Ng1 exf4 18. Bxf4 Ne5 19. Nf3 Nbd7 20. Nbd4 Bf6 21. Bg5 Ng4 22. Qe2 Bxg5 23. Nxg5 Nge5 24. Nf5 g6 25. Nxd6+ Qxd6 26. Bxc4 Qe7 27. Bxf7+ Nxf7 28. Nxf7 Qxf7 29. Rd6 0-0 30. Rxa6 Nc5 31. Rd6 Rce8 32. e5 Re6 33. Rxe6 Nxe6 34. Qxb5 Qf2 35. Rc1 Qxg2 36. Qc4 Qh3 37. a4 Kg7 38. Rd1 Ng5 39. a5 Rc8 40. Qf4 Nh7 41. Rd6 Rf8 42. Qd2 Qf1+ 43. Ka2 Qb5 44. Rd7+ Kh8 45. b3 Qxe5 46. Qd4 Qxd4 47. Rxd4 Ng5 48. h4 Nf3 49. Rc4 Kg7 50. b4 g5 51. hxg5 h4 52. Rc7+ Kg6 53. Rd7 h3 54. Rd1 h2 55. Rh1 Kxg5 56. a6 Kg4 57. b5 Ra8 58. Kb3 Kg3 59. c4 Kg2 60. Rxh2+ Kxh2 61. c5 Ne5 62. Kb4 Kg3 63. Ka5 Nc4+ 64. Kb4 Ne3 65. b6 Kf4 66. b7 Rb8 67. c6 Nd5+ 68. Kc5 Ke5 69. a7 Nc7 70. axb8Q 1-0

[Event "EU-ch U16 Girls"]
[Site "Bratislava"]
[Date "2019.08.06"]
[Round "5"]
[White "Kuhar, Larisa"]
[Black "Malicka, Maria"]
[Result "1/2-1/2"]
[WhiteElo "1907"]
[BlackElo "2062"]
[PlyCount "60"]
[EventDate "2019.08.02"]
[EventType "swiss"]
[EventRounds "9"]
[EventCountry "SVK"]
[SourceTitle "CBM 191 Extra"]
[Source "ChessBase"]
[SourceDate "2019.09.30"]
[SourceVersion "1"]
[SourceVersionDate "2019.09.30"]
[SourceQuality "1"]

1. e4 e5 2. Nf3 Nc6 3. d4 exd4 4. Nxd4 Bc5 5. Nxc6 bxc6 6. Qf3 Qf6 7. Nd2 d6 8. Nb3 Qxf3 9. gxf3 Bb6 10. Be3 Nf6 11. Rg1 Bxe3 12. fxe3 0-0 13. c4 c5 14. e5 dxe5 15. Nxc5 Rd8 16. Rg5 Rb8 17. b3 Re8 18. Rd1 h6 19. Rg1 Bf5 20. Be2 Red8 21. Kf2 Rd6 22. Rxd6 cxd6 23. Na4 Kf8 24. Rd1 Ke7 25. Nc3 Bd7 26. Rb1 Be6 27. Nb5 Bd7 28. Nc3 Be6 29. Nb5 Bd7 30. Nc3 Be6 1/2-1/2

[Event "EU-chT U18 Girls"]
[Site "Pardubice"]
[Date "2019.07.17"]
[Round "7.1"]
[White "Kuhar, Larisa"]
[Black "Stroganova, Karina"]
[Result "0-1"]
[WhiteElo "1894"]
[BlackElo "1875"]
[PlyCount "100"]
[EventDate "2019.07.11"]
[EventType "team-swiss"]
[EventRounds "7"]
[EventCountry "CZE"]
[SourceTitle "CBM 191 Extra"]
[Source "ChessBase"]
[SourceDate "2019.09.30"]
[SourceVersion "1"]
[SourceVersionDate "2019.09.30"]
[SourceQuality "1"]
[WhiteTeam "Slovenia U18 Girls II"]
[BlackTeam "Yamal U18 Girls"]
[WhiteTeamCountry "SLO"]
[BlackTeamCountry "RUS"]

1. e4 e5 2. Nf3 Nc6 3. Bb5 Nge7 4. 0-0 g6 5. c3 Bg7 6. d4 exd4 7. cxd4 a6 8. Ba4 b5 9. Bc2 0-0 10. h3 Na5 11. Nbd2 d6 12. a4 c5 13. axb5 axb5 14. e5 Bb7 15. exd6 Qxd6 16. Ne4 Bxe4 17. Bxe4 Nac6 18. Rxa8 Rxa8 19. dxc5 Qxc5 20. Be3 Qb4 21. Bxc6 Nxc6 22. Qd7 Ne5 23. Nxe5 Bxe5 24. Qd5 Re8 25. b3 Bg7 26. Rc1 h5 27. Qc6 Re6 28. Qc2 Kh7 29. Rd1 Be5 30. Bd2 Qh4 31. Be3 b4 32. Rd7 Kg7 33. Rd5 Qf6 34. Qd3 Ra6 35. g3 Qc6 36. Qe4 Bf6 37. Qg2 Qc3 38. Rc5 Qxb3 39. Qb7 Ra1+ 40. Kh2 Qd1 41. h4 b3 42. Rc7 Qg1+ 43. Kh3 Qh1+ 44. Qxh1 Rxh1+ 45. Kg2 b2 46. Kxh1 b1Q+ 47. Kh2 Qe4 48. Rd7 Be5 49. Ra7 Qxh4+ 50. Kg2 Qe4+ 0-1

[Event "EU-chT U18 Girls"]
[Site "Pardubice"]
[Date "2019.07.16"]
[Round "6.1"]
[White "Kuhar, Larisa"]
[Black "Jaufarally, Nadia"]
[Result "1-0"]
[WhiteElo "1894"]
[BlackElo "1944"]
[PlyCount "83"]
[EventDate "2019.07.11"]
[EventType "team-swiss"]
[EventRounds "7"]
[EventCountry "CZE"]
[SourceTitle "CBM 191 Extra"]
[Source "ChessBase"]
[SourceDate "2019.09.30"]
[SourceVersion "1"]
[SourceVersionDate "2019.09.30"]
[SourceQuality "1"]
[WhiteTeam "Slovenia U18 Girls II"]
[BlackTeam "England U18 Girls"]
[WhiteTeamCountry "SLO"]
[BlackTeamCountry "ENG"]

1. e4 e5 2. Nf3 Nc6 3. Bb5 a6 4. Bxc6 dxc6 5. 0-0 Qf6 6. d4 exd4 7. Bg5 Qd6 8. Nxd4 Bd7 9. Nc3 Ne7 10. Be3 0-0-0 11. Qe2 f5 12. Nb3 fxe4 13. Nxe4 Qg6 14. Nec5 Bh3 15. Qf3 Bg4 16. Qe4 Nd5 17. Qxg6 hxg6 18. Bg5 Nf6 19. Rfe1 Bxc5 20. Nxc5 Rd5 21. Be3 Bf5 22. c4 Rd6 23. h3 Rhd8 24. Rac1 Nd7 25. Nb3 Nf8 26. Bg5 Rf6 27. g4 Be6 28. Nc5 Bf7 29. Bxf6 gxf6 30. Re7 Bg8 31. b3 Nd7 32. Nxd7 Rxd7 33. Re8+ Rd8 34. Rce1 Bf7 35. Rxd8+ Kxd8 36. f4 b5 37. Re4 bxc4 38. bxc4 f5 39. Rd4+ Ke7 40. c5 Bxa2 41. Ra4 Be6 42. g5 1-0

[Event "EU-chT U18 Girls"]
[Site "Pardubice"]
[Date "2019.07.12"]
[Round "2.1"]
[White "Kuhar, Larisa"]
[Black "Urh, Zala"]
[Result "0-1"]
[WhiteElo "1894"]
[BlackElo "2072"]
[PlyCount "96"]
[EventDate "2019.07.11"]
[EventType "team-swiss"]
[EventRounds "7"]
[EventCountry "CZE"]
[SourceTitle "CBM 191 Extra"]
[Source "ChessBase"]
[SourceDate "2019.09.30"]
[SourceVersion "1"]
[SourceVersionDate "2019.09.30"]
[SourceQuality "1"]
[WhiteTeam "Slovenia U18 Girls II"]
[BlackTeam "Slovenia U18 Girls"]
[WhiteTeamCountry "SLO"]
[BlackTeamCountry "SLO"]

1. e4 e5 2. Nf3 Nc6 3. Bb5 Nf6 4. 0-0 Nxe4 5. d4 Nd6 6. Bxc6 dxc6 7. dxe5 Nf5 8. Qxd8+ Kxd8 9. Nc3 h6 10. h3 Bd7 11. b3 b6 12. Bb2 Kc8 13. Rad1 Ne7 14. Rd2 c5 15. Rfd1 Be6 16. Ne2 g5 17. h4 g4 18. Nh2 h5 19. Rd8+ Kb7 20. Rxa8 Kxa8 21. Nf4 Ng6 22. Nxg6 fxg6 23. Rd8+ Kb7 24. Nf1 Bg7 25. Rxh8 Bxh8 26. c4 Bg7 27. f4 gxf3 28. gxf3 Bh6 29. Kf2 a6 30. Ne3 Kc6 31. Ke2 b5 32. cxb5+ axb5 33. Kd3 Bf4 34. Ng2 Bg3 35. Ke3 Bh3 36. Nf4 Bf5 37. Ng2 b4 38. f4 Bb1 39. Kf3 Bh2 40. Ne1 Bxa2 41. Nd3 Bxb3 42. Kg2 Bc4 43. Nxb4+ cxb4 44. Kxh2 Kd5 45. Kg3 Ke4 46. Bc1 Be6 47. Kf2 Kd3 48. Bb2 c5 0-1

[Event "EU-chT U18 Girls"]
[Site "Pardubice"]
[Date "2019.07.11"]
[Round "1.1"]
[White "Katkov, Michelle"]
[Black "Kuhar, Larisa"]
[Result "1/2-1/2"]
[WhiteElo "2129"]
[BlackElo "1894"]
[PlyCount "140"]
[EventDate "2019.07.11"]
[EventType "team-swiss"]
[EventRounds "7"]
[EventCountry "CZE"]
[SourceTitle "CBM 191 Extra"]
[Source "ChessBase"]
[SourceDate "2019.09.30"]
[SourceVersion "1"]
[SourceVersionDate "2019.09.30"]
[SourceQuality "1"]
[WhiteTeam "Israel U18 Girls"]
[BlackTeam "Slovenia U18 Girls II"]
[WhiteTeamCountry "ISR"]
[BlackTeamCountry "SLO"]

1. e4 c5 2. Nc3 d6 3. d4 cxd4 4. Qxd4 Nc6 5. Qd2 Nf6 6. b3 a6 7. Bb2 b5 8. f3 e6 9. 0-0-0 Be7 10. Kb1 Qb6 11. g4 Bb7 12. Bg2 Nd7 13. f4 Nc5 14. Nf3 0-0 15. g5 b4 16. Na4 Nxa4 17. bxa4 Rfc8 18. f5 Na5 19. Qd4 Qxd4 20. Nxd4 e5 21. f6 exd4 22. fxe7 Re8 23. Rxd4 Rxe7 24. Rhd1 Rae8 25. Rxb4 Bxe4 26. Bxe4 Rxe4 27. Rxe4 Rxe4 28. Rxd6 Re1+ 29. Bc1 Kf8 30. Rxa6 Nc4 31. Rc6 Re4 32. Rc5 Ke7 33. a5 Kd6 34. Rf5 Ke6 35. Rb5 Re1 36. Rc5 Na3+ 37. Kb2 Kd6 38. Rc8 Kd7 39. Rc3 Nb5 40. Rf3 Re7 41. Bf4 Kc6 42. a4 Nd4 43. Rc3+ Kb7 44. Ka3 Rd7 45. Be3 Nxc2+ 46. Rxc2 Rd3+ 47. Kb4 Rxe3 48. h4 f6 49. gxf6 gxf6 50. Rc4 f5 51. Kb5 Re5+ 52. Rc5 Re4 53. a6+ Kb8 54. h5 f4 55. Rf5 f3 56. Rf8+ Ka7 57. Rf7+ Kb8 58. Rf6 Re1 59. Rf8+ Ka7 60. Rf7+ Ka8 61. Rf8+ Ka7 62. Rf7+ Ka8 63. Rxf3 Re5+ 64. Kb6 Re6+ 65. Kc7 Rxa6 66. Rf4 Re6 67. Kd7 Re5 68. Rh4 h6 69. Kd6 Rg5 70. Ke6 Ka7 1/2-1/2

[Event "SLO-ch (Women) 29th"]
[Site "Radenci"]
[Date "2019.04.30"]
[Round "5"]
[White "Kuhar, Larisa"]
[Black "Mar, Karmen"]
[Result "1-0"]
[WhiteElo "1930"]
[BlackElo "2031"]
[PlyCount "75"]
[EventDate "2019.04.27"]
[EventType "tourn"]
[EventRounds "9"]
[EventCountry "SLO"]
[SourceTitle "CBM 190 Extra"]
[Source "ChessBase"]
[SourceDate "2019.07.15"]
[SourceVersion "1"]
[SourceVersionDate "2019.07.15"]
[SourceQuality "1"]

1. e4 c5 2. Nf3 d6 3. d4 cxd4 4. Nxd4 Nf6 5. Nc3 a6 6. Be2 e6 7. 0-0 Be7 8. Be3 0-0 9. f4 Qc7 10. g4 Re8 11. g5 Nfd7 12. Qe1 Nc6 13. Qg3 b5 14. a3 Nxd4 15. Bxd4 Bb7 16. f5 exf5 17. Rxf5 Rf8 18. Raf1 Ne5 19. Bd3 Rae8 20. Nd1 Bc8 21. R5f4 Ng6 22. R4f2 Qd7 23. Ne3 Qh3 24. Rf3 Qh5 25. Nf5 Bxf5 26. exf5 Nh4 27. f6 Nxf3+ 28. Rxf3 Bxf6 29. gxf6 g6 30. Kf2 Re6 31. Bf5 Ree8 32. Be3 Rd8 33. Bg4 Qd5 34. Qh4 h5 35. Bf5 Qe5 36. Bd4 Qd5 37. c3 Kh7 38. Qg5 1-0

[Event "SLO-ch (Women) 29th"]
[Site "Radenci"]
[Date "2019.04.29"]
[Round "4"]
[White "Mihelic, Vesna"]
[Black "Kuhar, Larisa"]
[Result "1/2-1/2"]
[WhiteElo "1814"]
[BlackElo "1930"]
[PlyCount "86"]
[EventDate "2019.04.27"]
[EventType "tourn"]
[EventRounds "9"]
[EventCountry "SLO"]
[SourceTitle "CBM 190 Extra"]
[Source "ChessBase"]
[SourceDate "2019.07.15"]
[SourceVersion "1"]
[SourceVersionDate "2019.07.15"]
[SourceQuality "1"]

1. e4 c5 2. Nf3 d6 3. d4 cxd4 4. Qxd4 Nc6 5. Bb5 Bd7 6. Qd3 a6 7. Bxc6 Bxc6 8. c4 Nf6 9. Nc3 g6 10. 0-0 Bg7 11. h3 0-0 12. Be3 Nd7 13. Rac1 Rc8 14. Nd4 Nc5 15. Qc2 Bd7 16. b3 Ne6 17. Qd2 Qa5 18. Nxe6 Bxe6 19. Nd5 Qd8 20. Rfd1 Kh8 21. c5 dxc5 22. Bxc5 Bxd5 23. exd5 Qd7 24. Qe3 Rfe8 25. Qf3 Kg8 26. Rc4 b5 27. Rc2 Rc7 28. b4 a5 29. a3 axb4 30. axb4 Be5 31. Qe4 Bd6 32. Rdc1 Rec8 33. Bxd6 Rxc2 34. Rxc2 exd6 35. Rc6 Re8 36. Qd3 Re1+ 37. Kh2 Qe7 38. Qg3 Qe5 39. Rxd6 Qxg3+ 40. Kxg3 Re4 41. Rd8+ Kg7 42. d6 Rxb4 43. d7 Rd4 1/2-1/2

[Event "SLO-ch (Women) 29th"]
[Site "Radenci"]
[Date "2019.04.28"]
[Round "2"]
[White "Kuhar, Larisa"]
[Black "Urh, Zala"]
[Result "0-1"]
[WhiteElo "1930"]
[BlackElo "2048"]
[PlyCount "80"]
[EventDate "2019.04.27"]
[EventType "tourn"]
[EventRounds "9"]
[EventCountry "SLO"]
[SourceTitle "CBM 190 Extra"]
[Source "ChessBase"]
[SourceDate "2019.07.15"]
[SourceVersion "1"]
[SourceVersionDate "2019.07.15"]
[SourceQuality "1"]

1. e4 e5 2. Nf3 Nc6 3. Bb5 Nf6 4. 0-0 Nxe4 5. d4 Nd6 6. Bxc6 dxc6 7. dxe5 Nf5 8. Qxd8+ Kxd8 9. Nc3 h6 10. b3 Bd7 11. Bb2 b6 12. Rad1 Kc8 13. Ne2 c5 14. Nf4 Be6 15. c4 g5 16. Nd5 Ne7 17. Ne1 Ng6 18. Nc2 Bg7 19. Rfe1 Kb7 20. Nf6 Rhd8 21. g3 a6 22. Ne3 b5 23. Kg2 c6 24. Bc3 b4 25. Bb2 Kc7 26. Nf1 Rxd1 27. Rxd1 a5 28. Ne4 Bf8 29. Nfd2 a4 30. bxa4 Rxa4 31. Ra1 Be7 32. Kf3 h5 33. Ke3 g4 34. Kd3 Ra8 35. Kc2 Bf5 36. Kb3 Rd8 37. Re1 Nf8 38. a3 Ne6 39. axb4 cxb4 40. Nf1 Bxe4 0-1